000 01099nam a22001577a 4500
041 _aukr
080 _a09
090 _bКАР
100 _aКардаш
245 _aКультурно мовленнєвий фон сучасної телевізійної реклами
260 _aОстрог
_bКАФ
_c2008
300 _a41
520 _aВступ Розділ 1. Культура і мовлення. 1.1. Поняття про літературну мову. 1.2. Комунікативна доцільність мови. 1.3. Мовний аспект. Розділ 2. Культура та техніка мовлення в телевізійні рекламі. 2.1.Сутність та поняття сучасної телевізійної реклами. 2.2. Мова сучасних телевізійних ЗМІ. 2.3. Мова реклами. Розділ 3. Анааліз мовної культури сучасної телевізійної реклами. Висновки.
_0культура, мовлення
650 _aResearch Papers
999 _c284005
_d284005
942 _cBK